Welcome to the Holygrace Academy Library

Please use search bar below to get started

ANIMORPHS (Record no. 1882)

MARC details
000 -LEADER
fixed length control field 00377nam a22001577a 4500
020 ## - INTERNATIONAL STANDARD BOOK NUMBER
ISBN 0-590-50814-8
082 ## - DEWEY DECIMAL CLASSIFICATION NUMBER
Classification number 823
Item number APP/A
100 ## - MAIN ENTRY--AUTHOR NAME
Personal name APPLEGATE, K.A
245 ## - TITLE STATEMENT
Title ANIMORPHS
Remainder of title L'EXTRATERRESTRE -FRENCH
246 ## - VARYING FORM OF TITLE
Title proper/short title ANIMORPHS
Remainder of title L'EXTRATERRESTRE- FRENCH
260 ## - PUBLICATION, DISTRIBUTION, ETC. (IMPRINT)
Year of publication 1996
300 ## - PHYSICAL DESCRIPTION
Number of Pages 209
520 ## - SUMMARY, ETC.
Summary, etc FRENCH SHORT STORY
650 ## - SUBJECT ADDED ENTRY--TOPICAL TERM
Topical Term FRENCH SHORT STORY
942 ## - ADDED ENTRY ELEMENTS (KOHA)
Koha item type Books
Holdings
Withdrawn status Lost status Collection code Home library Current library Shelving location Date acquired Source of acquisition Full call number Accession Number Koha item type
    Fiction Main Library Main Library SHELF 4-B ANIMAL ARK 19/06/2010 Purchase 823 APP/A 05485 Books